Devindex (Record no. 12646)

MARC details
000 -LEADER
fixed length control field 00265nam a2200109Ia 4500
082 ## - DEWEY DECIMAL CLASSIFICATION NUMBER
Classification number RR 016.33809 DEV
245 #0 - TITLE STATEMENT
Title Devindex
260 ## - PUBLICATION, DISTRIBUTION, ETC. (IMPRINT)
Place of publication Ottawa
Name of publisher IDRC
300 ## - PHYSICAL DESCRIPTION
Number of Pages 200p.; 186p.;302p.;222p.;172p.
500 ## - GENERAL NOTE
General note 1975; 1977; 1981; 1982; 1983; 1984.
942 ## - ADDED ENTRY ELEMENTS (KOHA)
Koha item type Books
Source of classification or shelving scheme Dewey Decimal Classification
Holdings
Withdrawn status Lost status Damaged status Not for loan Home library Current library Date acquired Bill Date Full call number Accession Number Price effective from Koha item type
        NASSDOC Library NASSDOC Library 08/10/2004 2004-10-22 RR 016.33809 DEV 17092 18/04/2019 Books
        NASSDOC Library NASSDOC Library 08/10/2004 2004-10-22 RR 016.33809 DEV 18512 18/04/2019 Books
        NASSDOC Library NASSDOC Library 08/10/2004 2004-10-22 RR 016.33809 DEV 20488 18/04/2019 Books
        NASSDOC Library NASSDOC Library 08/10/2004 2004-10-22 RR 016.33809 DEV 20765 18/04/2019 Books